00507nam a2200157Ia 45000010006000000050017000060080041000230410008000640820021000721000050000932450153001432600009002963000028003056500008003336540008003411707020260306170358.0260306t2012||||xx |||||||||||||| ||und|| aESP a657.45bF34 V. 1 aFederación Internacional de ContadoreseAUT 0aGuía par el uso de las normas internacionales de auditoría en auditorías de pequeñas y medianas empresas:bVolumen 1 - Conceptos principales c2012 a284 páginas :c28 cm. aGEN aCCO